[Event "Jesenik op-A"]
[Site "Jesenik"]
[Date "2023.08.22"]
[Round "4"]
[White "Kolar, Jan1111"]
[Black "Vecera, Dominik"]
[Result "1-0"]
[WhiteElo "2083"]
[BlackElo "2218"]
[PlyCount "112"]
[EventDate "2023.08.19"]
[EventType "swiss"]
[EventRounds "9"]
[EventCountry "CZE"]
[SourceTitle "EXT 2024"]
[Source "ChessBase"]
[SourceDate "2023.10.10"]
[SourceVersion "1"]
[SourceVersionDate "2023.10.10"]
[SourceQuality "1"]

1. e4 c5 2. Nf3 Nc6 3. d4 cxd4 4. Nxd4 Nf6 5. Nc3 e5 6. Ndb5 d6 7. Bg5 a6 8. Na3 b5 9. Nd5 Be7 10. Bxf6 Bxf6 11. c3 0-0 12. Nc2 Rb8 13. Nce3 Bg5 14. h4 Bh6 15. g3 Ne7 16. Nxe7+ Qxe7 17. Nd5 Qb7 18. Qd3 Be6 19. Rd1 Rbc8 20. Bg2 Rc5 21. Ne3 Bxe3 22. Qxe3 Rc6 23. a3 Bc4 24. Rd2 a5 25. f4 b4 26. axb4 axb4 27. Kf2 bxc3 28. bxc3 Rfc8 29. Bh3 Be6 30. Bxe6 fxe6 31. Rc1 Rc4 32. Rxd6 exf4 33. Qd3 Qb2+ 34. Rc2 fxg3+ 35. Kxg3 Qxc2 36. Rd8+ Rxd8 37. Qxc2 Rdc8 38. Kf4 Rxc3 39. Qa2 Kf7 40. Ke5 R8c5+ 41. Kd6 Rc6+ 42. Kd7 Rc7+ 43. Kd6 R3c6+ 44. Ke5 Ke7 45. Qg2 Rc5+ 46. Kf4 Kf7 47. Qa2 h6 48. Qg2 g5+ 49. hxg5 hxg5+ 50. Kg4 Re5 51. Kh5 Rcc5 52. Qf2+ Ke7 53. Qd4 Ra5 54. Qb4+ Kf7 55. Qb7+ Kf6 56. Kh6 Rxe4 1-0

[Event "Prague Summer op-A 10th"]
[Site "Prague"]
[Date "2023.08.10"]
[Round "8"]
[White "Schloffer, Jasmin Denise"]
[Black "Vecera, Dominik"]
[Result "1-0"]
[WhiteElo "2084"]
[BlackElo "2218"]
[PlyCount "97"]
[EventDate "2023.08.04"]
[EventType "swiss"]
[EventRounds "9"]
[EventCountry "CZE"]
[SourceTitle "CBM 215 Extra"]
[Source "ChessBase"]
[SourceDate "2023.09.30"]
[SourceVersion "1"]
[SourceVersionDate "2023.09.30"]
[SourceQuality "1"]

1. d4 Nf6 2. c4 c5 3. d5 b5 4. Nf3 g6 5. Qc2 Bg7 6. e4 0-0 7. cxb5 a6 8. a4 Bb7 9. Nc3 e6 10. Be2 exd5 11. exd5 d6 12. 0-0 axb5 13. Bxb5 Na6 14. Bg5 Nb4 15. Qd2 Qa5 16. Qf4 Nfxd5 17. Nxd5 Nxd5 18. Qxd6 h6 19. Bd2 Qc7 20. Qxc7 Nxc7 21. Bc3 Nxb5 22. axb5 Rfb8 23. Be5 Bxe5 24. Nxe5 Be4 25. Nd7 Rxa1 26. Rxa1 Rxb5 27. Nf6+ Kg7 28. Nxe4 Rxb2 29. Nxc5 Rb5 30. Rc1 Kf6 31. Ne4+ Kg7 32. g3 Rb7 33. Kg2 Re7 34. Kf3 Ra7 35. Rc3 Rb7 36. Nd6 Rb6 37. Ne4 Rb7 38. Rc6 Ra7 39. g4 Rb7 40. h4 Ra7 41. g5 hxg5 42. hxg5 Ra8 43. Nf6 Rb8 44. Rc7 Ra8 45. Rd7 Rb8 46. Ne4 Kg8 47. Kf4 Ra8 48. Nd6 Ra4+ 49. Kg3 1-0

[Event "Prague Summer op-A 10th"]
[Site "Prague"]
[Date "2023.08.09"]
[Round "7"]
[White "Vecera, Dominik"]
[Black "Schletter, Felix"]
[Result "1/2-1/2"]
[WhiteElo "2218"]
[BlackElo "2094"]
[PlyCount "61"]
[EventDate "2023.08.04"]
[EventType "swiss"]
[EventRounds "9"]
[EventCountry "CZE"]
[SourceTitle "CBM 215 Extra"]
[Source "ChessBase"]
[SourceDate "2023.09.30"]
[SourceVersion "1"]
[SourceVersionDate "2023.09.30"]
[SourceQuality "1"]

1. e4 e6 2. d4 d5 3. Nd2 Be7 4. Bd3 c5 5. dxc5 Nf6 6. Qe2 a5 7. c3 0-0 8. Ngf3 Na6 9. e5 Nd7 10. Bxa6 Rxa6 11. b4 f6 12. exf6 Bxf6 13. b5 Ra8 14. Ba3 Re8 15. Rc1 Qe7 16. 0-0 b6 17. c4 bxc5 18. Nb3 Bb7 19. Nxc5 Nxc5 20. cxd5 Rac8 21. Qe3 Bxd5 22. Bxc5 Qf7 23. a4 Qg6 24. Bd6 Qg4 25. Qf4 Qg6 26. g3 Qh5 27. Rxc8 Rxc8 28. Ne5 Qh3 29. f3 Rc2 30. Rf2 Rxf2 31. Kxf2 1/2-1/2

[Event "Zlin Region-chT 2223"]
[Site "Czech Republic"]
[Date "2023.02.12"]
[Round "8.1"]
[White "Vitak, Pavel"]
[Black "Vecera, Dominik"]
[Result "0-1"]
[WhiteElo "2219"]
[BlackElo "2121"]
[PlyCount "66"]
[EventDate "2022.10.09"]
[EventType "team-tourn"]
[EventRounds "11"]
[EventCountry "CZE"]
[SourceTitle "EXT 2024"]
[Source "ChessBase"]
[SourceDate "2023.10.10"]
[SourceVersion "1"]
[SourceVersionDate "2023.10.10"]
[SourceQuality "1"]
[WhiteTeam "Valasska Bystrice Sokol"]
[BlackTeam "Postoupky Sokol"]
[WhiteTeamCountry "CZE"]
[BlackTeamCountry "CZE"]

1. c4 Nf6 2. Nc3 c5 3. g3 g6 4. Bg2 Bg7 5. e3 0-0 6. Nge2 Nc6 7. a3 d6 8. d3 e5 9. Rb1 Be6 10. Nd5 Rb8 11. 0-0 Ne7 12. Nec3 Nfxd5 13. cxd5 Bd7 14. Bd2 f5 15. f4 b5 16. b4 Qb6 17. Kh1 Rfc8 18. Qb3 Be8 19. Rbc1 Bf7 20. Rfe1 c4 21. dxc4 Rxc4 22. Na4 Qa6 23. Nc3 Rbc8 24. a4 bxa4 25. Nxa4 Rxc1 26. Bxc1 Qb5 27. Nc3 Qd3 28. Bb2 exf4 29. exf4 Bxc3 30. Rd1 Qe2 31. Bxc3 Rxc3 32. Qa4 Rc2 33. Rg1 Qxg2+ 0-1

[Event "CZE-chT2E 2122"]
[Site "Czech Republic"]
[Date "2021.11.07"]
[Round "2.4"]
[White "Vecera, Dominik"]
[Black "Kuchar, Matej"]
[Result "0-1"]
[WhiteElo "2093"]
[BlackElo "1982"]
[PlyCount "80"]
[EventDate "2021.10.17"]
[EventType "team-tourn"]
[EventRounds "11"]
[EventCountry "CZE"]
[SourceTitle "EXT 2024"]
[Source "ChessBase"]
[SourceDate "2023.10.10"]
[SourceVersion "1"]
[SourceVersionDate "2023.10.10"]
[SourceQuality "1"]
[WhiteTeam "Kromeriz Slavia II"]
[BlackTeam "Jundrov Jezdci"]
[WhiteTeamCountry "CZE"]
[BlackTeamCountry "CZE"]

1. e4 c6 2. d4 d5 3. Nd2 dxe4 4. Nxe4 Bf5 5. Ng3 Bg6 6. h4 h6 7. Nf3 Nd7 8. h5 Bh7 9. Bd3 Bxd3 10. Qxd3 e6 11. Bd2 Ngf6 12. 0-0-0 Be7 13. Kb1 Qb6 14. c4 Rd8 15. Bc3 Bb4 16. Qd2 a5 17. a3 Bxc3 18. Qxc3 0-0 19. Rhe1 Qa6 20. Ne5 b5 21. cxb5 cxb5 22. Qc6 Nb6 23. Ne4 Nxe4 24. Qxe4 b4 25. Nc6 Rd7 26. Qd3 Qa8 27. Qb5 Nd5 28. Nxa5 Ra7 29. axb4 Rb8 30. Qc5 Nxb4 31. Nb3 Nd5 32. Rd3 Qb7 33. Qc4 Raa8 34. Re2 Nf4 35. Ree3 Nxd3 36. Rxd3 Qxg2 37. Qc2 Qh1+ 38. Rd1 Qxh5 39. Nc5 Qd5 40. b3 e5 0-1

[Event "CZE-ch U16"]
[Site "Kouty nad Desnou"]
[Date "2020.03.10"]
[Round "5"]
[White "Vecera, Dominik"]
[Black "Barak, David"]
[Result "1/2-1/2"]
[WhiteElo "1814"]
[BlackElo "2114"]
[PlyCount "91"]
[EventDate "2020.03.07"]
[EventType "swiss"]
[EventRounds "7"]
[EventCountry "CZE"]
[SourceTitle "CBM 195 Extra"]
[Source "ChessBase"]
[SourceDate "2020.05.31"]
[SourceVersion "1"]
[SourceVersionDate "2020.05.31"]
[SourceQuality "1"]

1. e4 c5 2. Nf3 Nc6 3. d4 cxd4 4. Nxd4 Nf6 5. Nc3 d6 6. Bg5 Bd7 7. Qd2 Qa5 8. Nb3 Qc7 9. 0-0-0 h6 10. Bxf6 gxf6 11. f4 a6 12. Nd5 Qd8 13. Qf2 b5 14. Qb6 Qxb6 15. Nxb6 Ra7 16. Nxd7 Rxd7 17. Be2 Rc7 18. Kb1 e6 19. Nd4 Be7 20. a4 bxa4 21. Bxa6 0-0 22. Bb5 Nxd4 23. Rxd4 Ra8 24. Rhd1 a3 25. bxa3 Rxa3 26. R1d3 Ra5 27. Rb3 Rb7 28. Be2 Raa7 29. Rc4 Kg7 30. Rc8 Rc7 31. Rg3+ Kh7 32. Rcg8 h5 33. Bxh5 d5 34. Be2 Ba3 35. Rb8 dxe4 36. Rh3+ Kg7 37. g4 Rcb7+ 38. Rxb7 Rxb7+ 39. Rb3 Rxb3+ 40. cxb3 Bd6 41. f5 Bxh2 42. Bc4 exf5 43. gxf5 Kh6 44. Bd5 e3 45. Kc2 Kg5 46. Kd3 1/2-1/2

[Event "CZE-ch U16"]
[Site "Kouty nad Desnou"]
[Date "2020.03.08"]
[Round "2"]
[White "Vecera, Dominik"]
[Black "Habenicht, Martin"]
[Result "1-0"]
[WhiteElo "1814"]
[BlackElo "1970"]
[PlyCount "81"]
[EventDate "2020.03.07"]
[EventType "swiss"]
[EventRounds "7"]
[EventCountry "CZE"]
[SourceTitle "CBM 195 Extra"]
[Source "ChessBase"]
[SourceDate "2020.05.31"]
[SourceVersion "1"]
[SourceVersionDate "2020.05.31"]
[SourceQuality "1"]

1. e4 d5 2. exd5 Nf6 3. d4 Bg4 4. Bb5+ Nbd7 5. f3 Bf5 6. c4 a6 7. Bxd7+ Qxd7 8. Ne2 h5 9. Nbc3 b5 10. b3 h4 11. Be3 e6 12. dxe6 fxe6 13. Qd2 Rd8 14. Rd1 Bb4 15. 0-0 bxc4 16. bxc4 Qc6 17. c5 Bxc5 18. Qb2 Bb6 19. Rc1 Qd7 20. Bf2 h3 21. g4 Bd3 22. Rfe1 0-0 23. Nf4 Bc4 24. Ng6 Bxd4 25. Nxf8 Rxf8 26. Red1 e5 27. Bxd4 exd4 28. Ne2 Qe6 29. Nxd4 Qe3+ 30. Qf2 Nxg4 31. Qxe3 Nxe3 32. Re1 Ng2 33. Re7 Bxa2 34. Rcxc7 Rf7 35. Rxf7 Bxf7 36. Nf5 Ne1 37. Kf2 Nd3+ 38. Kg3 Nb2 39. Ra7 Be6 40. Nxg7 Bc4 41. Nf5 1-0

[Event "Bezmerov Bastinec Memorial-A"]
[Site "Bezmerov"]
[Date "2019.01.26"]
[Round "5"]
[White "Kratochvilova, Magdalena"]
[Black "Vecera, Dominik"]
[Result "0-1"]
[WhiteElo "1664"]
[BlackElo "1434"]
[PlyCount "66"]
[EventDate "2019.01.25"]
[EventType "swiss"]
[EventRounds "5"]
[EventCountry "CZE"]
[SourceTitle "CBM 188 Extra"]
[Source "ChessBase"]
[SourceDate "2019.02.26"]
[SourceVersion "1"]
[SourceVersionDate "2019.02.26"]
[SourceQuality "1"]

1. e4 e6 2. d4 d5 3. exd5 exd5 4. Bd3 Bd6 5. Ne2 Nf6 6. 0-0 0-0 7. Bf4 Bg4 8. f3 Bh5 9. Re1 Re8 10. Bg3 c5 11. Bxd6 Qxd6 12. dxc5 Qxc5+ 13. Kf1 Bg6 14. Bxg6 fxg6 15. Nbc3 Nc6 16. Qd2 d4 17. Nd1 Rad8 18. Nf2 Qb5 19. b3 Nd5 20. Kg1 Ne3 21. Nd3 Qb6 22. Kh1 Rc8 23. Ng3 Ne7 24. Rac1 N7f5 25. Nxf5 gxf5 26. f4 Re4 27. a4 Qg6 28. c3 dxc3 29. Rxc3 Rxc3 30. Ne5 Qxg2+ 31. Qxg2 Nxg2 32. Rxe4 fxe4 33. Kxg2 Rxb3 0-1

[Event "Morava-ch U14"]
[Site "Loucna nad Desnou"]
[Date "2017.10.26"]
[Round "4"]
[White "Pluharova, Asja"]
[Black "Vecera, Dominik"]
[Result "0-1"]
[WhiteElo "1103"]
[BlackElo "1479"]
[PlyCount "62"]
[EventDate "2017.10.24"]
[EventType "swiss"]
[EventRounds "9"]
[EventCountry "CZE"]
[SourceTitle "EXT 2020"]
[Source "ChessBase"]
[SourceDate "2019.10.17"]
[SourceVersion "1"]
[SourceVersionDate "2019.10.17"]
[SourceQuality "1"]

1. e4 e6 2. Nf3 d5 3. exd5 exd5 4. d4 Be6 5. Nc3 Bb4 6. Bd2 Nf6 7. Bd3 0-0 8. 0-0 c6 9. Re1 Nbd7 10. a3 Bd6 11. Be3 Qc7 12. g3 Rfe8 13. Qd2 Rac8 14. Ne2 Ng4 15. Ng5 Ndf6 16. Nxe6 Rxe6 17. Bf5 Ree8 18. Bxc8 Qxc8 19. Nf4 Qf5 20. Qd3 Qg5 21. Bd2 Rxe1+ 22. Rxe1 Qh6 23. h3 Bxf4 24. hxg4 Bxd2 25. Re2 Bc1 26. Qf5 g5 27. Qc8+ Kg7 28. Qxb7 Nxg4 29. f3 Be3+ 30. Rxe3 Qh2+ 31. Kf1 Qf2# 0-1

[Event "Morava-ch U14"]
[Site "Loucna nad Desnou"]
[Date "2017.10.26"]
[Round "5"]
[White "Vecera, Dominik"]
[Black "Babula, Vlastimil1111"]
[Result "0-1"]
[WhiteElo "1479"]
[BlackElo "1659"]
[PlyCount "52"]
[EventDate "2017.10.24"]
[EventType "swiss"]
[EventRounds "9"]
[EventCountry "CZE"]
[SourceTitle "EXT 2020"]
[Source "ChessBase"]
[SourceDate "2019.10.17"]
[SourceVersion "1"]
[SourceVersionDate "2019.10.17"]
[SourceQuality "1"]

1. e4 c5 2. Nf3 d6 3. d4 cxd4 4. Nxd4 Nf6 5. Bd3 a6 6. Be3 e6 7. Nd2 Be7 8. N2b3 0-0 9. 0-0 b5 10. c3 Bb7 11. f3 Nbd7 12. Re1 Rc8 13. Rc1 Ne5 14. Bf1 d5 15. Bf4 Ng6 16. Bg5 dxe4 17. Bxf6 Bxf6 18. fxe4 Bh4 19. Re3 Bg5 20. Re1 Bxc1 21. Qxc1 Qf6 22. Qe3 Ne5 23. Re2 Nc4 24. Qg3 Qg6 25. Qf4 e5 26. Qf3 exd4 0-1

[Event "CZE-ch U10"]
[Site "Kouty nad Desnou"]
[Date "2015.03.08"]
[Round "2"]
[White "Blaha, Lukas"]
[Black "Vecera, Dominik"]
[Result "1/2-1/2"]
[WhiteElo "1359"]
[BlackElo "1198"]
[PlyCount "99"]
[EventDate "2015.03.07"]
[EventType "swiss"]
[EventRounds "9"]
[EventCountry "CZE"]
[SourceTitle "EXT 2017"]
[Source "ChessBase"]
[SourceDate "2016.10.25"]
[SourceVersion "1"]
[SourceVersionDate "2016.10.25"]
[SourceQuality "1"]

1. e4 e6 2. Nf3 d5 3. exd5 exd5 4. Be2 Nf6 5. 0-0 Bd6 6. d4 0-0 7. Bg5 Re8 8. Re1 Nc6 9. Nc3 Bb4 10. Bxf6 Qxf6 11. Nxd5 Qd6 12. Nxb4 Qxb4 13. Bb5 Bg4 14. Rxe8+ Rxe8 15. Bxc6 bxc6 16. b3 Qc3 17. h3 Bxf3 18. gxf3 g6 19. Rb1 Rd8 20. Qd3 Qxd4 21. Qxd4 Rxd4 22. c4 Rd2 23. a4 Kg7 24. Re1 Kf6 25. Re8 Rd3 26. Rc8 Rxb3 27. Rxc7 Rxf3 28. Rxc6+ Kg7 29. Ra6 Rxh3 30. Rxa7 Rc3 31. Rc7 Ra3 32. Ra7 Kf6 33. c5 Rc3 34. Rc7 Ke6 35. a5 Ra3 36. Ra7 f5 37. Rxh7 Rxa5 38. c6 Rc5 39. c7 g5 40. Rh5 g4 41. Rh7 Kd6 42. Kg2 Rxc7 43. Rxc7 Kxc7 44. Kg3 Kd6 45. Kf4 Ke6 46. Kg3 Ke5 47. Kg2 Kf4 48. Kf1 g3 49. Kg2 Kg4 50. fxg3 1/2-1/2